Soccer Players by Letter - V - Statistics

General Stats
  • This quiz has been taken 442 times
  • The average score is 10 of 12
Answer Stats
Picture Answer % Correct
Virgil van Dijk
99%
Raphaël Varane
91%
Robin van Persie
91%
Arturo Vidal
90%
Federico Valverde
85%
Marco van Basten
85%
Ruud van Nistelrooy
84%
David Villa
82%
Patrick Vieira
79%
Nemanja Vidic‎
70%
Juan Sebastián Verón
64%
Rudi Völler
56%
No matching quizzes found
Score Distribution
Percent of People with Each Score
Percentile by Number Answered
Your Score History
You have not taken this quiz